000 01558cam a2200421Li 4500
001 83691
005 20230410132822.0
008 090611s2009 fr 000 0 fre d
035 _a(OCoLC)ocn470617844
040 _aBDF
_bfre
_cBDF
015 _a00938792
_2bnf
016 7 _aFRBNF414983500000004
_2FrPBN
020 _a9782228904445 (br)
020 _a2228904449 (br)
029 1 _aZWZ
_b135527341
035 _a(OCoLC)470617844
041 1 _afre
_heng
082 1 _a338.542
_222
049 _aGRAL
050 1 4 _a1erAPT1erB144l 2009
100 1 _aBagehot, Walter,
_d1826-1877.
_4aut
240 1 0 _aLombard street.
_lfrancais.
245 1 0 _aLombard street :
_bdes crises financieres et du moyen d'y remedier /
_cWalter Bagehot ; preface d'Olivier Feiertag.
260 _aParis :
_bPayot & Rivages,
_cimpr. 2009
_e(61-Lonrai :
_fNormandie roto impr.)
300 _a1 vol. (243 p.) :
_bcouv. ill. en coul. ;
_c17 cm.
490 0 _aPetite bibliotheque Payot ;
_v718
500 _aLa couv. porte en plus : "the Stock exchange"
500 _aNotes bibliogr.
650 7 _aMarche financier
_zGrande-Bretagne
_zAngleterre (GB)
_y19e siecle.
_2ram
700 1 _aFeiertag, Olivier.
_4aui
760 0 _tPetite bibliotheque Payot (Paris)
_x0480-2012
_g718
_w(FrPBN)34245778
856 4 2 _3Notice et cote du catalogue de la Bibliotheque nationale de France
_uhttp://catalogue.bnf.fr/ark:/12148/cb41498350g
886 1 _2intermrc
_a009
_ba--d---------------
886 2 _2intermrc
_a680
_b0-
_a330
_b330
942 _2lcc
994 _aC0
_bDRFGD
946 _aAAG
999 _c88314
_d88314